000
00248nam a2200097Ia 4500
001
792304
005
20250826170626.0
008
250824s9999 xx 000 0 und d
245
0
_a
MÜREBBİYE
_c
HÜSEYİN RAHMİ GÜNPINAR
260
_b
ÖZGÜR YAYINLARI
999
_c
792304
_d
792304